[Event "Lvov Buturina Memorial 3rd"]
[Site "Lvov"]
[Date "2023.11.17"]
[Round "4"]
[White "Francuzov, Alexander"]
[Black "Polulikh, Bogdan"]
[Result "1/2-1/2"]
[WhiteElo "2063"]
[BlackElo "2346"]
[PlyCount "95"]
[EventDate "2023.11.16"]
[EventType "swiss"]
[EventRounds "9"]
[EventCountry "UKR"]
[SourceTitle "CB49_2023"]
[SourceDate "2023.12.06"]
[SourceVersion "1"]
[SourceVersionDate "2023.12.06"]
[SourceQuality "1"]

1. e4 e5 2. Nf3 Nf6 3. Nxe5 d6 4. Nf3 Nxe4 5. Nc3 Nxc3 6. dxc3 Be7 7. Be3 Nc6 8. Qd2 Be6 9. 0-0-0 Qd7 10. Kb1 a6 11. h4 h6 12. Nd4 Nxd4 13. Bxd4 Rg8 14. c4 0-0-0 15. b3 f6 16. Qe3 Rge8 17. Bd3 Bf8 18. Qf4 Kb8 19. Bg6 Bf7 20. Bxf7 Qxf7 21. Rhe1 h5 22. Qf5 Rxe1 23. Rxe1 Re8 24. Rxe8+ Qxe8 25. Kb2 Qf7 26. g3 c5 27. Bc3 Kc7 28. Ba5+ b6 29. Bc3 Be7 30. Qe4 a5 31. Qa8 Qf8 32. Qa7+ Kc6 33. a3 f5 34. f4 Bf6 35. Bxf6 Qxf6+ 36. Kb1 Qc3 37. Qa8+ Kd7 38. Qb7+ Ke6 39. Qd5+ Ke7 40. Qxf5 Qxg3 41. Qxh5 Qxf4 42. Qg6 Qf1+ 43. Ka2 Qf6 44. Qe4+ Kf7 45. Qb7+ Ke6 46. Qd5+ Ke7 47. Qb7+ Ke6 48. Qd5+ 1/2-1/2

[Event "Lvov Buturina Memorial 2nd"]
[Site "Lvov"]
[Date "2022.11.20"]
[Round "9"]
[White "Francuzov, Alexander"]
[Black "Bykovskiy, Oleg"]
[Result "1-0"]
[WhiteElo "2073"]
[BlackElo "2207"]
[PlyCount "83"]
[EventDate "2022.11.18"]
[EventType "swiss (rapid)"]
[EventRounds "9"]
[EventCountry "UKR"]
[SourceTitle "CBM 212 Extra"]
[Source "ChessBase"]
[SourceDate "2023.03.31"]
[SourceVersion "1"]
[SourceVersionDate "2023.03.31"]
[SourceQuality "1"]

1. e4 d5 2. exd5 Qxd5 3. Nc3 Qa5 4. d4 Nf6 5. Nf3 Bf5 6. Bc4 e6 7. 0-0 c6 8. Be3 Nbd7 9. h3 Bd6 10. a3 Qc7 11. Bd3 Bxd3 12. Qxd3 0-0 13. Nd2 Nd5 14. Nxd5 cxd5 15. f4 Rac8 16. c3 f5 17. Rac1 b5 18. Nf3 a6 19. Ne5 Bxe5 20. dxe5 Nc5 21. Bxc5 Qxc5+ 22. Qd4 Qxd4+ 23. cxd4 Kf7 24. Rc5 Rxc5 25. dxc5 Ke7 26. b4 Kd7 27. a4 Kc6 28. Ra1 d4 29. axb5+ axb5 30. Ra6+ Kd5 31. Rd6+ Kc4 32. Rxe6 Kxb4 33. c6 d3 34. Rd6 Kc3 35. e6 d2 36. Kf2 b4 37. Ke2 b3 38. c7 b2 39. Rd8 Rxd8 40. cxd8Q b1Q 41. Qxd2+ Kc4 42. Ke3 1-0

[Event "Lvov Buturina Memorial 2nd"]
[Site "Lvov"]
[Date "2022.11.19"]
[Round "4"]
[White "Snigurov, Maxim"]
[Black "Francuzov, Alexander"]
[Result "0-1"]
[WhiteElo "2251"]
[BlackElo "2073"]
[PlyCount "128"]
[EventDate "2022.11.18"]
[EventType "swiss (rapid)"]
[EventRounds "9"]
[EventCountry "UKR"]
[SourceTitle "CBM 212 Extra"]
[Source "ChessBase"]
[SourceDate "2023.03.31"]
[SourceVersion "1"]
[SourceVersionDate "2023.03.31"]
[SourceQuality "1"]

1. Nf3 c5 2. c4 Nc6 3. g3 g6 4. Bg2 Bg7 5. 0-0 Nf6 6. Nc3 0-0 7. b3 Ne4 8. Bb2 Nxc3 9. Bxc3 Bxc3 10. dxc3 d6 11. Qd2 Bg4 12. Nh4 Qd7 13. Qh6 Bxe2 14. Rfe1 Bg4 15. h3 Be6 16. f4 Kh8 17. Re3 Rg8 18. Rae1 Raf8 19. Kh2 Nd8 20. Bd5 Re8 21. Nf3 Bxd5 22. Ng5 Rg7 23. cxd5 f6 24. Ne4 Reg8 25. g4 Nf7 26. Qh4 g5 27. Qh5 Rf8 28. Nd2 Re8 29. Ne4 Rf8 30. Nd2 Re8 31. Re6 gxf4 32. Nc4 Rg6 33. Qf5 Rg5 34. Rxe7 Rxf5 35. Rxe8+ Kg7 36. R1e7 Qxe8 37. Rxe8 Rxd5 38. a4 Ne5 39. Re7+ Kg6 40. Rxb7 Nxc4 41. bxc4 Rd2+ 42. Kg1 a5 43. h4 h5 44. gxh5+ Kxh5 45. Rh7+ Kg6 46. h5+ Kg5 47. h6 Kg6 48. Rh8 Ra2 49. h7 Kg7 50. Ra8 Kxh7 51. Rxa5 Kg6 52. Ra6 Rd2 53. Ra8 Rd3 54. Rd8 Rxc3 55. Rxd6 Rxc4 56. Rd5 f5 57. a5 Kg5 58. a6 Kg4 59. a7 Ra4 60. Rxc5 Kg3 61. Kf1 f3 62. Ke1 Rxa7 63. Rxf5 Ra1+ 64. Kd2 f2 0-1

[Event "Lvov Zheliandinov Memorial"]
[Site "Lvov"]
[Date "2022.08.13"]
[Round "11"]
[White "Hnatyshyn, Anastasiya"]
[Black "Francuzov, Alexander"]
[Result "1-0"]
[WhiteElo "2061"]
[BlackElo "2088"]
[PlyCount "75"]
[EventDate "2022.08.06"]
[EventType "tourn"]
[EventRounds "11"]
[EventCountry "UKR"]
[SourceTitle "CBM 209 Extra"]
[Source "ChessBase"]
[SourceDate "2022.09.30"]
[SourceVersion "1"]
[SourceVersionDate "2022.09.30"]
[SourceQuality "1"]

1. d4 Nf6 2. Nf3 g6 3. g3 Bg7 4. Bg2 c5 5. e3 0-0 6. 0-0 cxd4 7. exd4 d5 8. Bf4 Qb6 9. Qc1 Nc6 10. c3 a5 11. a4 Bf5 12. Na3 Bd3 13. Rd1 Ba6 14. Ne5 Rac8 15. Nc2 Rfd8 16. Re1 Nxe5 17. Bxe5 Bd3 18. Ne3 e6 19. Qd2 Bc4 20. Bxf6 Bxf6 21. Ng4 Bg7 22. h4 Bb3 23. h5 Rc4 24. h6 Bh8 25. Qg5 Qd6 26. Ra3 Bc2 27. Ne3 f6 28. Qh4 g5 29. Qh2 Bd3 30. Nxc4 dxc4 31. Raa1 Qb6 32. Qh3 f5 33. Re3 Qxb2 34. Rae1 e5 35. Qh5 Bf6 36. Rxe5 Bxe5 37. Qxg5+ Kf7 38. Qxd8 1-0

[Event "Lvov Zheliandinov Memorial"]
[Site "Lvov"]
[Date "2022.08.08"]
[Round "3"]
[White "Francuzov, Alexander"]
[Black "Polishchuk, Oleg"]
[Result "1-0"]
[WhiteElo "2088"]
[BlackElo "2128"]
[PlyCount "103"]
[EventDate "2022.08.06"]
[EventType "tourn"]
[EventRounds "11"]
[EventCountry "UKR"]
[SourceTitle "CBM 209 Extra"]
[Source "ChessBase"]
[SourceDate "2022.09.30"]
[SourceVersion "1"]
[SourceVersionDate "2022.09.30"]
[SourceQuality "1"]

1. e4 g6 2. d4 Bg7 3. Nf3 c6 4. Bd3 d5 5. e5 Bg4 6. Nbd2 e6 7. h3 Bxf3 8. Nxf3 c5 9. dxc5 Nc6 10. Bf4 Qa5+ 11. Qd2 Qxc5 12. 0-0 h5 13. a3 Nge7 14. b4 Qb6 15. b5 Na5 16. Qb4 Qd8 17. Bg5 b6 18. c4 Rc8 19. cxd5 Nxd5 20. Bxd8 Nxb4 21. axb4 Rxd8 22. bxa5 Rxd3 23. axb6 axb6 24. Ra6 0-0 25. Rxb6 Rd5 26. Rb1 Rfd8 27. Rc6 Rd1+ 28. Rxd1 Rxd1+ 29. Kh2 Rb1 30. Rc8+ Bf8 31. Rb8 Kg7 32. Ng5 Be7 33. Ne4 g5 34. b6 Kg6 35. g4 hxg4 36. hxg4 f5 37. exf6 Bxf6 38. Nxf6 Kxf6 39. b7 Ke5 40. Kg3 Rg1+ 41. Kf3 Rb1 42. Ke3 Rb3+ 43. Kd2 Rb1 44. Kc2 Rb6 45. Kc3 Ke4 46. Kc4 e5 47. f3+ Ke3 48. Kd5 Rb5+ 49. Kc6 Rb2 50. Rf8 e4 51. fxe4 Kxe4 52. b8Q 1-0

[Event "Mukachevo Summer op"]
[Site "Mukachevo"]
[Date "2017.07.04"]
[Round "1"]
[White "Francuzov, Alexander"]
[Black "Zubarev, Alexander2222"]
[Result "1/2-1/2"]
[WhiteElo "2107"]
[BlackElo "2506"]
[PlyCount "70"]
[EventDate "2017.07.04"]
[EventType "swiss"]
[EventRounds "9"]
[EventCountry "UKR"]
[SourceTitle "CBM 179 Extra"]
[Source "ChessBase"]
[SourceDate "2017.08.23"]
[SourceVersion "1"]
[SourceVersionDate "2017.08.23"]
[SourceQuality "1"]

1. d4 g6 2. Nf3 Bg7 3. e4 d6 4. c4 Nf6 5. Nc3 0-0 6. Be2 Bg4 7. Be3 Nfd7 8. h3 Bxf3 9. gxf3 c5 10. d5 b5 11. cxb5 a6 12. 0-0 axb5 13. Bxb5 f5 14. Qd2 Ne5 15. Be2 Nbd7 16. f4 Nf7 17. exf5 gxf5 18. Kh2 Nf6 19. Bd3 Nh6 20. Rg1 Qa5 21. Rg2 Ne4 22. Nxe4 fxe4 23. Bxe4 Qxd2 24. Bxd2 Kh8 25. Bc3 Bxc3 26. bxc3 Ng8 27. a4 Rxf4 28. f3 Nf6 29. a5 e6 30. Rd2 Nxe4 31. fxe4 Rxe4 32. a6 exd5 33. Rxd5 Re6 34. a7 Kg7 35. Ra6 Re7 1/2-1/2

[Event "Lvov Talents op"]
[Site "Lvov"]
[Date "2011.03.02"]
[Round "9.6"]
[White "Matseyko, Roman"]
[Black "Francuzov, Alexander"]
[Result "0-1"]
[WhiteElo "2095"]
[BlackElo "2034"]
[PlyCount "94"]
[EventDate "2011.02.23"]
[EventType "swiss"]
[EventRounds "9"]
[EventCountry "UKR"]
[SourceTitle "CBM 141 Extra"]
[Source "ChessBase"]
[SourceDate "2011.05.03"]
[SourceVersion "1"]
[SourceVersionDate "2011.05.03"]
[SourceQuality "1"]

1. e4 d6 2. d4 e5 3. dxe5 dxe5 4. Qxd8+ Kxd8 5. Bc4 f6 6. Nc3 c6 7. Be3 Nd7 8. 0-0-0 Kc7 9. a3 b5 10. Bb3 a5 11. a4 b4 12. Nb1 Nc5 13. Nd2 Nh6 14. f3 Nxb3+ 15. Nxb3 Nf7 16. h4 Nd8 17. g4 Ne6 18. g5 c5 19. Nh3 Bd7 20. f4 Nd4 21. Bxd4 cxd4 22. fxe5 fxe5 23. Nd2 Be6 24. b3 Be7 25. Nf2 Rhf8 26. Nd3 Kd6 27. Rdf1 Rac8 28. Kb2 Rc3 29. Rxf8 Bxf8 30. Rf1 Be7 31. Nb1 Rc8 32. Nd2 h6 33. Rg1 hxg5 34. hxg5 Rf8 35. Rg3 Rh8 36. Nf3 Rh3 37. Rxh3 Bxh3 38. Ndxe5 Bg2 39. Nc4+ Kc5 40. Nfe5 Bxe4 41. Nxa5 Bxg5 42. Nd3+ Kd6 43. Nxb4 Be3 44. Nc4+ Ke6 45. Nxe3 dxe3 46. Nd3 Bxd3 47. cxd3 e2 0-1

[Event "Lvov Talents op"]
[Site "Lvov"]
[Date "2011.03.01"]
[Round "8.2"]
[White "Francuzov, Alexander"]
[Black "Zazuliak, Andriy"]
[Result "0-1"]
[WhiteElo "2034"]
[BlackElo "2175"]
[PlyCount "84"]
[EventDate "2011.02.23"]
[EventType "swiss"]
[EventRounds "9"]
[EventCountry "UKR"]
[SourceTitle "CBM 141 Extra"]
[Source "ChessBase"]
[SourceDate "2011.05.03"]
[SourceVersion "1"]
[SourceVersionDate "2011.05.03"]
[SourceQuality "1"]

1. d4 Nf6 2. c4 g6 3. Nc3 Bg7 4. e4 d6 5. Nf3 0-0 6. Be2 e5 7. 0-0 Nbd7 8. dxe5 dxe5 9. Qc2 c6 10. b3 Re8 11. Rd1 Qc7 12. Ba3 Bf8 13. Bxf8 Nxf8 14. Qd2 Bg4 15. Qd6 Qxd6 16. Rxd6 Bxf3 17. Bxf3 Ne6 18. g3 Kf8 19. Bg2 Ke7 20. Rd2 Red8 21. Rad1 Rxd2 22. Rxd2 Nd4 23. f4 Rd8 24. fxe5 Ng4 25. Nd5+ cxd5 26. Rxd4 dxc4 27. Rxd8 Kxd8 28. bxc4 Nxe5 29. Bf1 Ke7 30. Kf2 Kd6 31. Ke3 h6 32. Kf4 f6 33. g4 Ke6 34. h4 g5+ 35. hxg5 hxg5+ 36. Ke3 Kd6 37. Kd4 Nc6+ 38. Kd3 b6 39. Kd2 Ke5 40. Ke3 Nb4 41. a4 Na6 42. a5 bxa5 0-1

[Event "Lvov Talents op"]
[Site "Lvov"]
[Date "2011.02.28"]
[Round "7.7"]
[White "Sumin, Vladyslav"]
[Black "Francuzov, Alexander"]
[Result "0-1"]
[WhiteElo "1859"]
[BlackElo "2034"]
[PlyCount "115"]
[EventDate "2011.02.23"]
[EventType "swiss"]
[EventRounds "9"]
[EventCountry "UKR"]
[SourceTitle "CBM 141 Extra"]
[Source "ChessBase"]
[SourceDate "2011.05.03"]
[SourceVersion "1"]
[SourceVersionDate "2011.05.03"]
[SourceQuality "1"]

1. d4 d6 2. c4 e5 3. dxe5 dxe5 4. Qxd8+ Kxd8 5. Nc3 c6 6. Nf3 f6 7. g3 Be6 8. b3 Bb4 9. Bb2 a5 10. e3 Nd7 11. a3 Be7 12. Nd2 h5 13. h4 Nc5 14. Nce4 Nh6 15. 0-0-0 Kc7 16. Nxc5 Bxc5 17. Ne4 Be7 18. Be2 Ng4 19. Rhf1 Rhd8 20. Rxd8 Rxd8 21. Rd1 Rxd1+ 22. Kxd1 Bf5 23. Bxg4 Bxg4+ 24. Kd2 Kd7 25. f4 Bf3 26. Kd3 exf4 27. gxf4 Ke6 28. Ng3 f5 29. Bxg7 Bxh4 30. Ne2 Be4+ 31. Kd2 Be7 32. Ng3 Bf3 33. Nf1 Bxa3 34. Bh6 Bb4+ 35. Kd3 Be1 36. Nh2 Bd1 37. Bg5 h4 38. e4 fxe4+ 39. Kxe4 Bxb3 40. f5+ Kf7 41. Nf3 h3 42. Bf4 Bc3 43. Ng5+ Kf6 44. Nxh3 Bc2+ 45. Ke3 a4 46. Bd6 Kxf5 47. Nf2 Ke6 48. Ba3 b5 49. cxb5 cxb5 50. Nd3 Bb1 51. Nb2 Kd5 52. Ke2 Bc2 53. Nd1 Bxd1+ 54. Kxd1 b4 55. Bc1 a3 56. Kc2 Kc4 57. Kb1 Kb3 58. Bb2 0-1